| 000 | 01271nam a2200265 a 4500 | ||
|---|---|---|---|
| 001 | BRCA_2210 | ||
| 005 | 20190320203721.0 | ||
| 008 | 000210s1998 sp-a---##b---#001-0#spa-# | ||
| 020 | _a8495146088 | ||
| 040 |
_aDLC _cDLC _dDLC |
||
| 050 | 4 |
_aDP178 _b.F45 1998 |
|
| 245 | 1 | 0 |
_aFelipe II _bun monarca y su época. Las tierras y los hombres del rey. |
| 260 |
_a[Madrid?] _bSociedad Estatal para la Conmemoración de los Centenarios de Felipe II y Carlos V _cc1998 |
||
| 300 |
_a584 p. _bil. a color, mapas _c30 cm. |
||
| 500 | _aIncluye índice onomástico | ||
| 500 | _aCatálogo de la exposición realizada en el Museo Nacional de Escultura (Valladolid), 22 octubre, 1998 - 10 enero, 1999 | ||
| 500 | _aEstado físico: encuadernado, marzo 2015. Debido a su gran extensión de páginas se encuaderno en dos partes | ||
| 504 | _aBibliografía : p. 533-572 | ||
| 600 | 1 | 4 |
_aFelipe _bII _cRey de España _d1527-1598 _vExposiciones _91268 |
| 651 | 4 |
_aEspaña _vExposiciones _xCivilización _y1516-1700 _96657 |
|
| 651 | 4 |
_aEspaña _vExposiciones _xPolítica y gobierno _y1556-1598 _96658 |
|
| 710 | 2 |
_aSociedad Estatal para la Conmemoración de los Centenarios de Felipe II y Carlos V _96659 |
|
| 710 | 2 |
_aMuseo Nacional de Escultura (Valladolid, España) _96660 |
|
| 942 |
_2lcc _cB |
||
| 999 |
_c1966 _d1966 |
||